[Event "13th 4NCL Congress"]
[Site "Wakefield"]
[Date "2017.04.09"]
[Round "4"]
[Board "2"]
[White "Modi, Kishan J"]
[Black "Dong, Bao Nghia"]
[Result "0-1"]
[WhiteElo "1640"]
[BlackElo "2103"]
[PlyCount "74"]
[EventDate "2017.04.07"]
[EventRounds "5"]
[EventCountry "ENG"]

1. e4 e6 2. d4 d5 3. Nc3 dxe4 4. Nxe4 Bd7 5. Nf3 Bc6 6. Bd3 Nd7 7. c3 Be7 8.
Bf4 Ngf6 9. Nxf6+ Bxf6 10. Qc2 Bxf3 11. gxf3 Bg5 12. Qd2 Bxf4 13. Qxf4 Qf6 14.
Qe3 Nb6 15. Be4 c6 16. O-O-O O-O-O 17. f4 Nd5 18. Bxd5 Rxd5 19. c4 Rf5 20. d5
exd5 21. Qxa7 Rd8 22. Qa8+ Kc7 23. Qa5+ Kb8 24. Rd4 c5 25. Rxd5 Rfxd5 26. cxd5
Qxf4+ 27. Qd2 Qc4+ 28. Qc2 Qxd5 29. Rd1 Qxd1+ 30. Qxd1 Rxd1+ 31. Kxd1 g5 32.
Kd2 Kc7 33. a4 Kd6 34. Kd3 Kd5 35. b3 f5 36. Ke3 h5 37. Kf3 Kd4 0-1

[Event "13th 4NCL Congress"]
[Site "Wakefield"]
[Date "2017.04.09"]
[Round "4"]
[Board "3"]
[White "Murphy, Conor E"]
[Black "Mason, Donald J"]
[Result "1-0"]
[WhiteElo "2077"]
[BlackElo "2150"]
[PlyCount "89"]
[EventDate "2017.04.07"]
[EventRounds "5"]
[EventCountry "ENG"]

1. Nf3 c5 2. g3 Nc6 3. c4 e5 4. Nc3 g6 5. Bg2 Bg7 6. a3 d6 7. Rb1 a5 8. d3 Nge7
9. Nd2 O-O 10. Nf1 h6 11. Ne3 f5 12. O-O Rb8 13. Bd2 Kh7 14. Ned5 b6 15. b4
axb4 16. axb4 Be6 17. b5 Na7 18. Ra1 Nac8 19. Ra6 Nxd5 20. Nxd5 Bxd5 21. Bxd5
Ne7 22. Bg2 f4 23. Be4 Nf5 24. Ra7 Kh8 25. e3 fxe3 26. fxe3 Qg5 27. Qe2 h5 28.
Bg2 Bh6 29. Bc1 Qg4 30. Bf3 Qh3 31. Bg2 Qg4 32. Qxg4 hxg4 33. Re1 Ng7 34. Bd5
Rf6 35. Rf1 Rxf1+ 36. Kxf1 Nf5 37. Ke2 Nd4+ 38. exd4 Bxc1 39. dxc5 dxc5 40. Be6
Re8 41. Bf7 Rf8 42. Bxg6 Bb2 43. Rf7 Rxf7 44. Bxf7 Bd4 45. Kf1 1-0

[Event "13th 4NCL Congress"]
[Site "Wakefield"]
[Date "2017.04.09"]
[Round "4"]
[Board "4"]
[White "Burnett, Jim"]
[Black "Jones, Steven A"]
[Result "1-0"]
[WhiteElo "2083"]
[BlackElo "2167"]
[PlyCount "47"]
[EventDate "2017.04.07"]
[EventRounds "5"]
[EventCountry "ENG"]

1. d4 Nf6 2. c4 g6 3. g3 Bg7 4. Bg2 O-O 5. Nc3 d6 6. Nf3 Nc6 7. O-O a6 8. Qd3
Rb8 9. d5 Nb4 10. Qd1 a5 11. a3 Na6 12. Nd4 Bd7 13. h3 Qc8 14. Kh2 c6 15. Be3
cxd5 16. cxd5 b5 17. Rc1 Qd8 18. Nc6 Bxc6 19. dxc6 b4 20. Na4 d5 21. Qd3 Nc7
22. Bb6 Nfe8 23. Bxa5 Ra8 24. axb4 1-0

[Event "13th 4NCL Congress"]
[Site "Wakefield"]
[Date "2017.04.09"]
[Round "4"]
[Board "5"]
[White "Stewart, Ashley"]
[Black "Prior, Stephen Cv"]
[Result "0-1"]
[WhiteElo "2099"]
[BlackElo "2066"]
[PlyCount "122"]
[EventDate "2017.04.07"]
[EventRounds "5"]
[EventCountry "ENG"]

1. c4 Nf6 2. g3 e6 3. Bg2 d5 4. Nf3 Be7 5. O-O O-O 6. d4 c6 7. Qc2 Nbd7 8. Nbd2
b6 9. e4 Bb7 10. e5 Ne8 11. cxd5 cxd5 12. Re1 Rc8 13. Qa4 Bc6 14. Qd1 Nb8 15.
Nf1 Bb5 16. h4 Nc6 17. Ne3 Nb4 18. Bf1 Bxf1 19. Rxf1 f6 20. Bd2 Nc6 21. Ng4 f5
22. Ngh2 Nc7 23. Rc1 Na5 24. Bxa5 bxa5 25. Rc6 f4 26. Qc2 fxg3 27. fxg3 Na8 28.
Rc1 Nb6 29. b3 Qd7 30. Rxc8 Rxc8 31. Qd1 Rxc1 32. Qxc1 Qc8 33. Qxc8+ Nxc8 34.
Kf2 h6 35. Ke3 Ba3 36. Ng4 Ne7 37. Nf2 Nf5+ 38. Kd2 Nxg3 39. Nd3 Ne4+ 40. Kc2
Kf7 41. Nf4 g5 42. hxg5 hxg5 43. Ng2 Kg6 44. Ne3 Kh5 45. Nh2 Nf2 46. Kd2 Bb2
47. Ke2 Ne4 48. Kd3 Nf2+ 49. Ke2 Nh3 50. Nc2 g4 51. Kf1 g3 52. Nf3 Kg4 53. Nfe1
Nf4 54. Ne3+ Kh3 55. Nf3 Bc1 56. Nd1 g2+ 57. Kf2 Nd3+ 58. Ke2 Nb4 59. Nf2+ Kg3
60. a4 Nc2 61. Nd3 Nxd4+ 0-1

[Event "13th 4NCL Congress"]
[Site "Wakefield"]
[Date "2017.04.09"]
[Round "4"]
[Board "6"]
[White "Nicholson, Jim Wr"]
[Black "Shaw, Peter"]
[Result "0-1"]
[WhiteElo "2011"]
[BlackElo "2086"]
[PlyCount "92"]
[EventDate "2017.04.07"]
[EventRounds "5"]
[EventCountry "ENG"]

1. d4 e6 2. Nf3 f5 3. c4 Nf6 4. Nc3 Bb4 5. Qb3 a5 6. a3 a4 7. Qc2 Bxc3+ 8. Qxc3
O-O 9. g3 d6 10. Bg2 Nc6 11. O-O Qe8 12. Rd1 e5 13. d5 Na5 14. Nd2 b6 15. e3 e4
16. Re1 Qh5 17. Qc2 Ng4 18. h3 Ne5 19. Qd1 Qxd1 20. Rxd1 Naxc4 21. Nxc4 Nxc4
22. Bf1 Ne5 23. Bd2 Ba6 24. Rac1 Bxf1 25. Kxf1 Rf7 26. Bc3 Nd3 27. Rc2 Kf8 28.
Ke2 Ke8 29. h4 Kd7 30. Rh1 Nc5 31. Rd2 Nb3 32. Rdd1 g6 33. Rhg1 Raf8 34. Rh1 h6
35. Rh2 Kc8 36. Rhh1 Kb7 37. Rh2 g5 38. hxg5 hxg5 39. Rg1 Nc5 40. Rh8 Rxh8 41.
Bxh8 Rh7 42. Bf6 g4 43. Bh4 Nd3 44. Rb1 Rh8 45. b4 axb3 46. Rxb3 Nc1+ 0-1

[Event "13th 4NCL Congress"]
[Site "Wakefield"]
[Date "2017.04.09"]
[Round "4"]
[Board "8"]
[White "Jaunooby, Ali Reza"]
[Black "Vickery, Jim E"]
[Result "1-0"]
[WhiteElo "2189"]
[BlackElo "1963"]
[PlyCount "65"]
[EventDate "2017.04.07"]
[EventRounds "5"]
[EventCountry "ENG"]

1. d4 Nf6 2. c4 d6 3. Nc3 e5 4. e3 g6 5. g3 Bg7 6. Bg2 O-O 7. Nge2 Nbd7 8. h3
c6 9. d5 cxd5 10. cxd5 a5 11. e4 Nc5 12. g4 Bd7 13. Ng3 b5 14. Qf3 b4 15. Nd1
Bb5 16. Bf1 Qd7 17. g5 Ne8 18. Ne3 Bxf1 19. Kxf1 f6 20. Qe2 f5 21. exf5 gxf5
22. Nh5 Qf7 23. f4 e4 24. Ng3 Qd7 25. Kg2 Nd3 26. Nexf5 Nxc1 27. Qxe4 Bxb2 28.
Raxc1 Ng7 29. Ne7+ Kh8 30. Rce1 Rae8 31. f5 Nxf5 32. Ngxf5 Rxf5 33. Qxf5 1-0

[Event "13th 4NCL Congress"]
[Site "Wakefield"]
[Date "2017.04.09"]
[Round "4"]
[Board "9"]
[White "Spence, David J"]
[Black "Modi, Shyam Jagdish"]
[Result "1-0"]
[WhiteElo "2165"]
[BlackElo "1934"]
[PlyCount "59"]
[EventDate "2017.04.07"]
[EventRounds "5"]
[EventCountry "ENG"]

1. e4 c5 2. c3 Nf6 3. e5 Nd5 4. d4 cxd4 5. cxd4 e6 6. Nf3 d6 7. Bc4 Nc6 8. O-O
Be7 9. Qe2 O-O 10. Nc3 Nxc3 11. bxc3 dxe5 12. dxe5 Qa5 13. Bd2 Rd8 14. Rfe1 Bd7
15. Bb3 b5 16. Qe4 b4 17. c4 Qc7 18. Ng5 g6 19. Qh4 h5 20. Bf4 Nd4 21. Qh3 Kg7
22. Ne4 Rh8 23. Rad1 Nf5 24. Nd6 g5 25. Nxf5+ exf5 26. e6 Qxf4 27. Rxd7 Rae8
28. exf7 Kxf7 29. c5+ Kf6 30. Re6+ 1-0

[Event "13th 4NCL Congress"]
[Site "Wakefield"]
[Date "2017.04.09"]
[Round "4"]
[Board "10"]
[White "Starley, Robert"]
[Black "Wynarczyk, Raymond"]
[Result "1/2-1/2"]
[WhiteElo "2088"]
[BlackElo "1932"]
[PlyCount "143"]
[EventDate "2017.04.07"]
[EventRounds "5"]
[EventCountry "ENG"]

1. e4 e5 2. Nf3 d6 3. d4 exd4 4. Qxd4 a6 5. Bg5 Nc6 6. Bxd8 Nxd4 7. Nxd4 Kxd8
8. Bc4 c5 9. Nf3 Be6 10. Bxe6 fxe6 11. Nc3 Be7 12. O-O-O Kc7 13. Rd3 Nh6 14.
Rhd1 Rad8 15. a4 Ng4 16. R3d2 Bf6 17. Nb1 Ne5 18. Nxe5 Bxe5 19. g3 b5 20. Na3
Kc6 21. axb5+ axb5 22. c4 bxc4 23. Nxc4 Bd4 24. Na5+ Kb6 25. Nb3 e5 26. Re2 g5
27. Nd2 Rhf8 28. f3 Ra8 29. Kc2 Kc6 30. Kb1 Rab8 31. b3 c4 32. Rc1 c3 33. Nc4
Rxb3+ 34. Kc2 Rb4 35. Na5+ Kb5 36. Nb3 Rxf3 37. Rb1 Bb6 38. Rd1 Kc6 39. Ra1 Bd4
40. Ra6+ Rb6 41. Ra4 Bc5 42. Ra5 Bd4 43. Ra4 Rb7 44. Rc4+ Kd7 45. Ra4 Bb6 46.
Rb4 Kc8 47. Rc4+ Rc7 48. Rb4 Rc6 49. Nc1 Bd4 50. Ra4 Kb7 51. Rb4+ Rb6 52. Rxb6+
Kxb6 53. Nb3 Kb5 54. Kc1 Kb4 55. Kc2 Re3 56. Nc1 Kc4 57. Rxe3 Bxe3 58. Ne2 g4
59. Nxc3 Bg1 60. Ne2 Bxh2 61. Kd2 h5 62. Ke3 d5 63. exd5 Kxd5 64. Kf2 Ke4 65.
Kg2 Ke3 66. Nc1 Bxg3 67. Kxg3 Kd2 68. Nb3+ Kc3 69. Nc5 Kd4 70. Ne6+ Kd3 71. Ng7
e4 72. Nxh5 1/2-1/2

[Event "13th 4NCL Congress"]
[Site "Wakefield"]
[Date "2017.04.09"]
[Round "4"]
[Board "11"]
[White "James, Chris"]
[Black "Moore, Gerald"]
[Result "1/2-1/2"]
[WhiteElo "1879"]
[BlackElo "2057"]
[PlyCount "35"]
[EventDate "2017.04.07"]
[EventRounds "5"]
[EventCountry "ENG"]

1. e4 g6 2. d4 Bg7 3. Nf3 d6 4. Bc4 c6 5. O-O d5 6. exd5 cxd5 7. Bd3 Nf6 8. Re1
O-O 9. Nbd2 Nc6 10. c3 Bf5 11. Qc2 e6 12. Nh4 Bxd3 13. Qxd3 Ne8 14. Ndf3 Nd6
15. Ng5 h6 16. Nxg6 hxg5 17. Nxf8 Kxf8 18. b3 1/2-1/2

[Event "13th 4NCL Congress"]
[Site "Wakefield"]
[Date "2017.04.09"]
[Round "4"]
[Board "12"]
[White "Savage, Nicholas W"]
[Black "Towers, Brian"]
[Result "1-0"]
[WhiteElo "2026"]
[BlackElo "1783"]
[PlyCount "75"]
[EventDate "2017.04.07"]
[EventRounds "5"]
[EventCountry "ENG"]

1. c4 e5 2. g3 Bc5 3. Bg2 Nc6 4. Nc3 a6 5. e3 d6 6. Nge2 f5 7. O-O Nf6 8. d4
Ba7 9. b4 O-O 10. Rb1 Rb8 11. Ba3 Bd7 12. Qd2 Kh8 13. c5 b5 14. Bc1 dxc5 15.
bxc5 exd4 16. exd4 Na5 17. Nf4 Nc4 18. Qd1 c6 19. Re1 Qa5 20. Bd2 Nxd2 21. Qxd2
Rbe8 22. Re3 Bb8 23. Rbe1 Bxf4 24. gxf4 Rxe3 25. Rxe3 Qc7 26. Re5 a5 27. h3 a4
28. a3 Re8 29. Qe3 Rxe5 30. fxe5 Ng8 31. e6 Be8 32. d5 cxd5 33. Nxd5 Qa7 34.
Nb4 Ne7 35. Qe5 Kg8 36. Qd6 h6 37. Qb6 Qxb6 38. cxb6 1-0

[Event "13th 4NCL Congress"]
[Site "Wakefield"]
[Date "2017.04.09"]
[Round "4"]
[Board "13"]
[White "Webster, Richard J"]
[Black "Price, Gwilym T"]
[Result "1-0"]
[WhiteElo "1939"]
[BlackElo "1758"]
[PlyCount "75"]
[EventDate "2017.04.07"]
[EventRounds "5"]
[EventCountry "ENG"]

1. c4 g6 2. Nc3 Bg7 3. Nf3 d6 4. d4 Nf6 5. e4 O-O 6. Be2 e5 7. O-O Nc6 8. d5
Ne7 9. Ne1 Nd7 10. Be3 f5 11. f3 f4 12. Bf2 g5 13. a4 a5 14. c5 Nxc5 15. Bxc5
dxc5 16. Bc4 Kh8 17. Nd3 b6 18. Qe2 h5 19. Nd1 g4 20. N1f2 g3 21. hxg3 fxg3 22.
Nh1 h4 23. f4 Ng8 24. fxe5 Rxf1+ 25. Rxf1 Qg5 26. Rf4 Bxe5 27. Nxe5 Qxe5 28.
Rxh4+ Kg7 29. Qd3 Bd7 30. Nxg3 Bxa4 31. Rg4+ Kf8 32. Qf3+ Nf6 33. d6 Ke8 34.
Rg6 Qd4+ 35. Kh2 Qxc4 36. Qxf6 Kd7 37. Rg7+ Kc6 38. d7+ 1-0

[Event "13th 4NCL Congress"]
[Site "Wakefield"]
[Date "2017.04.09"]
[Round "4"]
[Board "14"]
[White "Patrick, David A"]
[Black "Gardiner, Eric D"]
[Result "1/2-1/2"]
[WhiteElo "1883"]
[BlackElo "1941"]
[PlyCount "37"]
[EventDate "2017.04.07"]
[EventRounds "5"]
[EventCountry "ENG"]

1. e4 d6 2. d4 Nf6 3. Nc3 e5 4. dxe5 dxe5 5. Qxd8+ Kxd8 6. Bc4 Ke8 7. Bg5 Nbd7
8. Nb5 Bb4+ 9. c3 Ba5 10. f3 a6 11. Na3 b5 12. Bb3 h6 13. Be3 Bb6 14. Bxb6 Nxb6
15. Nc2 Ke7 16. Ne3 Be6 17. Bxe6 Kxe6 18. O-O-O g6 19. Ne2 1/2-1/2

[Event "13th 4NCL Congress"]
[Site "Wakefield"]
[Date "2017.04.09"]
[Round "4"]
[Board "15"]
[White "Simpson, Derek"]
[Black "Bielby, Paul R"]
[Result "1/2-1/2"]
[WhiteElo "1621"]
[BlackElo "1939"]
[PlyCount "72"]
[EventDate "2017.04.07"]
[EventRounds "5"]
[EventCountry "ENG"]

1. d4 Nf6 2. Nf3 g6 3. c4 Bg7 4. Nc3 d5 5. e3 O-O 6. cxd5 Nxd5 7. Qb3 c6 8. Bc4
Nb6 9. Bd3 Bg4 10. Be2 N8d7 11. h3 Be6 12. Qc2 Nf6 13. b3 Rc8 14. Ba3 Nbd5 15.
Rc1 Qa5 16. Bb2 c5 17. O-O cxd4 18. Nxd4 Bd7 19. Qd2 Rfd8 20. Ne4 Qxd2 21. Nxd2
Nb4 22. a3 Nc6 23. Nxc6 Bxc6 24. Rfd1 Ne4 25. Rc2 Bxb2 26. Rxb2 Nc3 27. Re1 Rc7
28. Bf3 Bxf3 29. Nxf3 Rdc8 30. Rc2 f6 31. Kf1 Kf7 32. Rec1 e5 33. Ng1 Ke6 34.
Ne2 Nd5 35. Rxc7 Rxc7 36. Rxc7 Nxc7 1/2-1/2

[Event "13th 4NCL Congress"]
[Site "Wakefield"]
[Date "2017.04.09"]
[Round "4"]
[Board "16"]
[White "Slinger, Aj (tony)"]
[Black "Sheppard, Derek A"]
[Result "1/2-1/2"]
[WhiteElo "1910"]
[BlackElo "1831"]
[PlyCount "80"]
[EventDate "2017.04.07"]
[EventRounds "5"]
[EventCountry "ENG"]

1. e4 d5 2. exd5 Qxd5 3. d4 c6 4. Nf3 Bf5 5. Be2 e6 6. O-O Nf6 7. c4 Qd8 8. Nc3
Be7 9. Qb3 Qb6 10. Qxb6 axb6 11. h3 h6 12. a3 O-O 13. Be3 Nbd7 14. Rfd1 Rfd8
15. Rac1 Bd6 16. Rd2 Ne4 17. Nxe4 Bxe4 18. Rcd1 Bc7 19. Ne1 Nf6 20. f3 Bg6 21.
Bd3 Bxd3 22. Rxd3 Rd7 23. g4 Nh7 24. Nc2 Rad8 25. a4 c5 26. Ne1 cxd4 27. Rxd4
Nf6 28. Rxd7 Rxd7 29. Rxd7 Nxd7 30. Nd3 Kf8 31. Kf2 Ke7 32. Ke2 Bd6 33. Kd2 Nc5
34. Nxc5 bxc5 35. Kd3 f5 36. Bd2 fxg4 37. fxg4 Kf6 38. Ke4 Be5 39. Be3 Bd6 40.
b3 Kg6 1/2-1/2

[Event "13th 4NCL Congress"]
[Site "Wakefield"]
[Date "2017.04.09"]
[Round "4"]
[Board "17"]
[White "Bimpson, Tom"]
[Black "Adams, Mark A"]
[Result "1/2-1/2"]
[WhiteElo "2060"]
[BlackElo "1977"]
[PlyCount "34"]
[EventDate "2017.04.07"]
[EventRounds "5"]
[EventCountry "ENG"]

1. d4 Nf6 2. Bg5 g6 3. Bxf6 exf6 4. f3 d5 5. e3 f5 6. Bd3 Qe7 7. Kf2 Bh6 8. f4
O-O 9. Nf3 Nd7 10. Re1 Re8 11. Nc3 c6 12. Kg1 Nb6 13. b3 Be6 14. a4 a5 15. g3
f6 16. Qd2 Bf8 17. Nd1 Qc7 1/2-1/2

[Event "13th 4NCL Congress"]
[Site "Wakefield"]
[Date "2017.04.09"]
[Round "4"]
[Board "18"]
[White "Johnson, Paul A"]
[Black "Hilton, Tim"]
[Result "1-0"]
[WhiteElo "1871"]
[BlackElo "1816"]
[PlyCount "47"]
[EventDate "2017.04.07"]
[EventRounds "5"]
[EventCountry "ENG"]

1. d4 Nf6 2. Nf3 e6 3. e3 d5 4. Bd3 c5 5. b3 Nc6 6. O-O Bd6 7. Bb2 Qc7 8. c4
cxd4 9. exd4 b6 10. Nbd2 Bb7 11. Re1 O-O 12. Rc1 dxc4 13. bxc4 Qd8 14. Qe2 Bf4
15. Rcd1 g6 16. Ne4 Nxe4 17. Qxe4 Bh6 18. d5 exd5 19. cxd5 Na5 20. Qe5 f6 21.
Qe6+ Kh8 22. Qh3 Kg7 23. d6 Qxd6 24. Ba6 1-0

[Event "13th 4NCL Congress"]
[Site "Wakefield"]
[Date "2017.04.09"]
[Round "5"]
[Board "1"]
[White "Sowray, Peter J"]
[Black "Murphy, Conor E"]
[Result "0-1"]
[WhiteElo "2305"]
[BlackElo "2077"]
[PlyCount "72"]
[EventDate "2017.04.07"]
[EventRounds "5"]
[EventCountry "ENG"]

1. Nf3 d5 2. e3 e6 3. c4 c6 4. Nc3 Bd6 5. b3 Nf6 6. Bb2 Nbd7 7. Qc2 Qe7 8. Be2
a5 9. cxd5 exd5 10. Nd4 Nc5 11. Nf5 Bxf5 12. Qxf5 O-O 13. O-O Qe6 14. Qg5 a4
15. bxa4 Nxa4 16. Nxa4 Rxa4 17. f4 d4 18. Bd3 dxe3 19. Rae1 h6 20. Qg3 Qg4 21.
Qxe3 Bxf4 22. Qe7 Qh4 23. h3 Bxd2 24. Re2 Bb4 25. Qxb7 Bc5+ 26. Kh1 Ng4 27. Qb3
Nf2+ 28. Kh2 Bd6+ 29. Kg1 Qg3 30. Be5 Nxh3+ 31. Kh1 Bxe5 32. Rxe5 Nf2+ 33. Kg1
Nh3+ 34. Kh1 Nf2+ 35. Kg1 Qxe5 36. Bg6 Rf4 0-1

[Event "13th 4NCL Congress"]
[Site "Wakefield"]
[Date "2017.04.09"]
[Round "5"]
[Board "2"]
[White "Dong, Bao Nghia"]
[Black "Shaw, Peter"]
[Result "1/2-1/2"]
[WhiteElo "2103"]
[BlackElo "2086"]
[PlyCount "180"]
[EventDate "2017.04.07"]
[EventRounds "5"]
[EventCountry "ENG"]

1. d4 f5 2. Nf3 e6 3. Bf4 Nf6 4. e3 d6 5. c3 Nc6 6. Bc4 d5 7. Bd3 Bd6 8. O-O
O-O 9. b4 a6 10. Qb3 Qe7 11. Nbd2 e5 12. dxe5 Nxe5 13. Nxe5 Bxe5 14. Bxe5 Qxe5
15. Nf3 Qd6 16. c4 Kh8 17. Rfd1 dxc4 18. Bxc4 Qe7 19. a4 Ne4 20. Rd5 Qf6 21.
Rc1 Be6 22. Re5 Bxc4 23. Qxc4 c6 24. Re6 Qb2 25. Rf1 Rad8 26. Re7 Nd6 27. Qh4
Qf6 28. Qxf6 Rxf6 29. Ng5 h6 30. Ne6 Re8 31. Rxe8+ Nxe8 32. Nc5 Rf7 33. Rd1 Nf6
34. Rd8+ Kh7 35. Kf1 Nd5 36. b5 axb5 37. axb5 Nb6 38. bxc6 bxc6 39. Rd6 Rc7 40.
Ne6 Nc4 41. Rd4 Re7 42. Nf8+ Kg8 43. Ng6 Re6 44. Nf4 Re4 45. Rd7 Nb6 46. Rc7
Nd5 47. Nxd5 cxd5 48. Rd7 f4 49. exf4 Rxf4 50. Rxd5 Kf7 51. g3 Ra4 52. Rd6 h5
53. h4 g6 54. Ke2 Ra3 55. Rd3 Ra4 56. Ke3 Kg7 57. Rd4 Ra5 58. Ke4 Rf5 59. f3
Ra5 60. Rd5 Ra3 61. Kf4 Kf6 62. Rd6+ Kg7 63. Ke4 Rb3 64. Rd3 Rb5 65. f4 Ra5 66.
Rd5 Ra3 67. Rg5 Kf6 68. f5 gxf5+ 69. Rxf5+ Kg6 70. Rg5+ Kh6 71. Kf4 Ra4+ 72.
Kf3 Ra3+ 73. Kg2 Ra2+ 74. Kh3 Rb2 75. Rf5 Ra2 76. Rf1 Kg6 77. Rg1 Rf2 78. Rg2
Rf1 79. Ra2 Rf5 80. Ra6+ Kg7 81. Kg2 Kh7 82. Ra4 Kg6 83. Ra6+ Kg7 84. Ra3 Kg6
85. Rf3 Rxf3 86. Kxf3 Kf5 87. Ke3 Ke5 88. Ke2 Ke6 89. Kd3 Kf5 90. Ke3 Ke5
 1/2-1/2

[Event "13th 4NCL Congress"]
[Site "Wakefield"]
[Date "2017.04.09"]
[Round "5"]
[Board "3"]
[White "Prior, Stephen Cv"]
[Black "Burnett, Jim"]
[Result "1/2-1/2"]
[WhiteElo "2066"]
[BlackElo "2083"]
[PlyCount "63"]
[EventDate "2017.04.07"]
[EventRounds "5"]
[EventCountry "ENG"]

1. d4 d5 2. Bf4 Nf6 3. e3 c5 4. c3 Nc6 5. Nd2 Bf5 6. Qb3 Qc8 7. h3 e6 8. Ngf3
c4 9. Qd1 b5 10. Nh4 Bg6 11. Be2 Be7 12. Nxg6 hxg6 13. O-O O-O 14. Bf3 Rd8 15.
Qe2 Bd6 16. Bxd6 Rxd6 17. e4 Rd8 18. a3 Qc7 19. b3 a6 20. Rfb1 Rdb8 21. Rb2 Ra7
22. Rab1 Rab7 23. g4 dxe4 24. Bxe4 Nxe4 25. Nxe4 cxb3 26. Nc5 Rb6 27. Nxb3 Qd6
28. Nc5 Ne7 29. a4 Nd5 30. a5 Rc6 31. Qf3 Rbc8 32. Re2 1/2-1/2

[Event "13th 4NCL Congress"]
[Site "Wakefield"]
[Date "2017.04.09"]
[Round "5"]
[Board "4"]
[White "Wells, Jonathan C"]
[Black "Jaunooby, Ali Reza"]
[Result "1-0"]
[WhiteElo "2018"]
[BlackElo "2189"]
[PlyCount "85"]
[EventDate "2017.04.07"]
[EventRounds "5"]
[EventCountry "ENG"]

1. d4 Nf6 2. c4 g6 3. g3 Bg7 4. Bg2 d6 5. Nc3 O-O 6. Nf3 Nbd7 7. O-O e5 8. e4
Re8 9. Re1 a6 10. h3 Rb8 11. Be3 b5 12. cxb5 axb5 13. b4 Bb7 14. d5 Ba6 15. Nd2
Nb6 16. Bf1 Nc4 17. Nxc4 bxc4 18. Rb1 Qd7 19. a4 Rf8 20. b5 Bc8 21. Qe2 Nh5 22.
Qxc4 f5 23. Ba7 Rb7 24. b6 Nf6 25. a5 Qf7 26. a6 Rxb6 27. Bxb6 cxb6 28. Rxb6
fxe4 29. Rb2 Qa7 30. Nxe4 Nxe4 31. Qxe4 Bh6 32. Qb4 e4 33. Qb6 Qa8 34. Rxe4 Bg7
35. Qb8 Bf5 36. Qxa8 Rxa8 37. Reb4 Bxb2 38. Rxb2 Be4 39. Bc4 Kf7 40. f3 Bf5 41.
Rb7+ Kf6 42. a7 Ke5 43. Rc7 1-0

[Event "13th 4NCL Congress"]
[Site "Wakefield"]
[Date "2017.04.09"]
[Round "5"]
[Board "5"]
[White "Spence, David J"]
[Black "Willow, Jonah B"]
[Result "0-1"]
[WhiteElo "2165"]
[BlackElo "1993"]
[PlyCount "130"]
[EventDate "2017.04.07"]
[EventRounds "5"]
[EventCountry "ENG"]

1. e4 c5 2. c3 Nf6 3. e5 Nd5 4. d4 cxd4 5. Nf3 g6 6. cxd4 Bg7 7. Qb3 Nb6 8. a4
d6 9. Ng5 e6 10. a5 Nd5 11. Bb5+ Nc6 12. f4 O-O 13. Bxc6 bxc6 14. O-O c5 15.
Qh3 h6 16. Ne4 Ba6 17. Rd1 dxe5 18. Nxc5 Be2 19. Re1 Nxf4 20. Bxf4 exf4 21.
Nxe6 fxe6 22. Qxe6+ Kh7 23. Qxe2 Qxd4+ 24. Qf2 Qb4 25. Kh1 Bxb2 26. Ra2 Bd4 27.
Qf1 f3 28. Rd1 fxg2+ 29. Qxg2 Rae8 30. Rad2 Qxa5 31. Na3 Qxa3 32. Rxd4 Re7 33.
R4d3 Qxd3 34. Rxd3 Re1+ 35. Qg1 Rxg1+ 36. Kxg1 Kg7 37. Ra3 Rf7 38. Ra6 h5 39.
Kg2 g5 40. h4 gxh4 41. Kh3 Kf8 42. Kxh4 Rh7 43. Re6 Kf7 44. Re1 Kf6 45. Re8 Kf5
46. Re1 a5 47. Ra1 Ra7 48. Ra4 Ra8 49. Kg3 Ke5 50. Kf3 Kd5 51. Ke3 Kc5 52. Kd3
Kb5 53. Rh4 Rc8 54. Rxh5+ Kb4 55. Rh7 a4 56. Kd2 Kb3 57. Kd1 Rc3 58. Kd2 Rc2+
59. Kd1 Rc5 60. Rh3+ Kb2 61. Rh4 Rd5+ 62. Ke2 a3 63. Rb4+ Kc3 64. Ra4 Kb3 65.
Ra8 a2 0-1

[Event "13th 4NCL Congress"]
[Site "Wakefield"]
[Date "2017.04.09"]
[Round "5"]
[Board "7"]
[White "Jones, Steven A"]
[Black "Nicholson, Jim Wr"]
[Result "0-1"]
[WhiteElo "2167"]
[BlackElo "2011"]
[PlyCount "60"]
[EventDate "2017.04.07"]
[EventRounds "5"]
[EventCountry "ENG"]

1. e4 c6 2. d4 d5 3. e5 c5 4. c4 cxd4 5. Nf3 Nc6 6. Nxd4 e6 7. Nc3 Bc5 8. Nxc6
bxc6 9. cxd5 cxd5 10. b4 Be7 11. a3 Qc7 12. Qd4 Bd7 13. Nb5 Qb8 14. Nd6+ Bxd6
15. exd6 Nf6 16. Bd3 Qxd6 17. Bb2 Qb6 18. Qh4 Bb5 19. Bd4 Qa6 20. Bxb5+ Qxb5
21. Bxf6 gxf6 22. Qxf6 Rg8 23. Rc1 Rg4 24. Rc2 Re4+ 25. Kd2 Re2+ 26. Kc1 Rxc2+
27. Kxc2 Rc8+ 28. Kd2 Qc4 29. Ra1 d4 30. Rd1 Qc3+ 0-1

[Event "13th 4NCL Congress"]
[Site "Wakefield"]
[Date "2017.04.09"]
[Round "5"]
[Board "9"]
[White "Moore, Gerald"]
[Black "Jarmany, John"]
[Result "1/2-1/2"]
[WhiteElo "2057"]
[BlackElo "2144"]
[PlyCount "31"]
[EventDate "2017.04.07"]
[EventRounds "5"]
[EventCountry "ENG"]

1. Nf3 d5 2. c4 c6 3. g3 Nf6 4. Bg2 dxc4 5. O-O Nbd7 6. Qc2 Nb6 7. a4 a5 8. Na3
g6 9. Nxc4 Nxc4 10. Qxc4 Bg7 11. d3 O-O 12. Be3 Be6 13. Qc1 Qc8 14. Bh6 Bh3 15.
Bxg7 Kxg7 16. Qc3 1/2-1/2

[Event "13th 4NCL Congress"]
[Site "Wakefield"]
[Date "2017.04.09"]
[Round "5"]
[Board "10"]
[White "Webster, Richard J"]
[Black "Stewart, Ashley"]
[Result "0-1"]
[WhiteElo "1939"]
[BlackElo "2099"]
[PlyCount "54"]
[EventDate "2017.04.07"]
[EventRounds "5"]
[EventCountry "ENG"]

1. Nf3 c5 2. e4 g6 3. d4 cxd4 4. Nxd4 Nc6 5. Nc3 Bg7 6. Be3 Nf6 7. Nb3 O-O 8.
Be2 d6 9. O-O b6 10. f3 Bb7 11. a4 Na5 12. Nxa5 bxa5 13. Nb5 Nd7 14. c3 Nc5 15.
Bxc5 dxc5 16. Qxd8 Rfxd8 17. Rfd1 Rxd1+ 18. Rxd1 Bc6 19. Nc7 Rb8 20. Bb5 Bxb5
21. axb5 Be5 22. Nd5 Rxb5 23. Nxe7+ Kf8 24. Nc6 Bf4 25. Rd8+ Kg7 26. b4 cxb4
27. cxb4 axb4 0-1

[Event "13th 4NCL Congress"]
[Site "Wakefield"]
[Date "2017.04.09"]
[Round "5"]
[Board "11"]
[White "Kennedy, Craig"]
[Black "Starley, Robert"]
[Result "1/2-1/2"]
[WhiteElo "1844"]
[BlackElo "2088"]
[PlyCount "112"]
[EventDate "2017.04.07"]
[EventRounds "5"]
[EventCountry "ENG"]

1. d4 Nf6 2. Bf4 d5 3. e3 e6 4. Nd2 c5 5. c3 Nc6 6. Ngf3 Bd7 7. Bd3 Be7 8. O-O
O-O 9. Ne5 a6 10. Qf3 Ne8 11. Qh5 g6 12. Qh3 Nxe5 13. dxe5 Ng7 14. Bh6 f6 15.
Nf3 c4 16. Bc2 Rf7 17. e4 f5 18. exd5 exd5 19. Rad1 f4 20. Rxd5 Bxh3 21. Rxd8+
Rxd8 22. gxh3 Nf5 23. e6 Rf6 24. Bxf4 Ng7 25. Bg5 Rxe6 26. Be3 Bf6 27. Nd4 Ree8
28. Bd1 Ne6 29. Nxe6 Rxe6 30. Bf3 b5 31. Kg2 Kg7 32. Bg4 Ree8 33. Bf3 Re7 34.
Be2 h5 35. Rc1 Rdd7 36. Rc2 Kf7 37. Bf3 Re5 38. Kf1 Bg5 39. Bd4 Re6 40. Re2 Bf4
41. Rxe6 Kxe6 42. Kg2 Bc1 43. b3 cxb3 44. axb3 Bb2 45. Be4 Kf7 46. b4 g5 47.
Bc6 Rc7 48. Bd5+ Kg6 49. Be5 Re7 50. Bd4 h4 51. Kf3 Kh6 52. Kg4 Bc1 53. Kf5 Bf4
54. c4 bxc4 55. Bxc4 Rd7 56. Bc5 Bd6 1/2-1/2